| 000 | 00446nam a22001697a 4500 | ||
|---|---|---|---|
| 005 | 20241202160111.0 | ||
| 008 | 241202b |||||||| |||| 00| 0 eng d | ||
| 020 | _a0-7897-3626-8 | ||
| 050 | _aTK 5105 .875 .I57 .G72 2007 | ||
| 100 | _aPRESTON GRELLA | ||
| 245 | _aHOW THE INTERNET WORKS | ||
| 250 | _aEIGHT EDITION | ||
| 260 |
_aINDIANAPOLIS _bQUE PUBLISHING _c2007 |
||
| 300 | _aXIII,416P. | ||
| 500 | _aINCLUDES INDEX | ||
| 942 |
_2ddc _cBK |
||
| 999 |
_c214070 _d214070 |
||